000 00278nam a22001097a 4500
008 160519b xxu||||| |||| 00| 0 eng d
020 _a0801664500
041 _aeng
080 _a618.2
245 _aPrinciples and practice of nursing research:
_cLaura A. Talbot;
942 _2udc
_cBK
999 _c2243
_d2243